Представление документа в формате RUSMARC

ПолеНазваниеЗначение
  Тип записи a
  Библиографический уровень m
001 Контрольный номер LIBNET\0000785092
005 Дата корректировки 20220926095455.9
010 Индекс ISBN __
a ISBN 978-5-04-098142-7
d Цена 825-00
100 Данные общей обработки __
a Данные общей обработки 20220923d2021####am#y0rusy50######ca
101 Язык документа 0_
a Язык текста rus
c Язык оригинала rus
102 Страна публикации __
a Страна публикации RU
200 Заглавие и сведения об ответственности 1_
a Заглавие 7 этажей здоровья. Лечение позвоночника и суставов без лекарств
e Сведения, относящиеся к заглавию рекомендации для полноценной жизни без боли и хронических заболеваний
f Первые сведения об ответственности Сергей Бубновский
210 Выходные данные 1_
a Место издания Москва
c Издательство Эксмо
d Дата издания 2021
215 Физическое описание __
a Объем 335 [8] с.
c Иллюстрации/тип воспроизводства фот.
300 Общие примечания __
a Общие примечания На обложке: Секреты здоровья: о чем молчат врачи. Профилактика и лечение болей в спине и суставах без лекарств и операций
300 Общие примечания __
a Общие примечания Заглавие взято из выходных данных издания
330 Аннотация __
a Аннотация Энциклопедия о сохранении и восстановлении здоровья методами кинезитерапии, без лекарств и операций. Автор рассматривает особенности семи «этажей» тела: от ступней до головы, рассказывает о том, как снимать и предупреждать болевые симптомы, дает советы по общему укреплению здоровья, приводит комплексы упражнений (с иллюстрациями) для профилактики и лечения различных заболеваний.
333 Примечание о целевом назначении __
a Примечание о целевом назначении 16+
517 Другие варианты заглавия 1_
a Другие варианты заглавия Семь этажей здоровья
517 Другие варианты заглавия 1_
a Другие варианты заглавия Лечение позвоночника и суставов без лекарств
606 Тематические рубрики __
a Основная рубрика Здравоохранение. Медицинские науки
606 Тематические рубрики __
a Основная рубрика Общая терапия
610 Ключевые слова 0_
a Ключевые слова лечебная гимнастика
a Ключевые слова кинезитерапия
a Ключевые слова система доктора Бубновского
a Ключевые слова диета Бубновского
a Ключевые слова здоровый образ жизни
a Ключевые слова ЗОЖ
a Ключевые слова заболевания позвоночника
a Ключевые слова заболевания суставов
a Ключевые слова боли в суставах
a Ключевые слова боли головные
a Ключевые слова боли в спине
a Ключевые слова суставы
a Ключевые слова позвоночник
a Ключевые слова опорно-двигательный аппарат
a Ключевые слова стопы
a Ключевые слова тазобедренные суставы
a Ключевые слова коленные суставы
a Ключевые слова плечевые суставы
a Ключевые слова упражнения лечебные
a Ключевые слова подагра
a Ключевые слова болезнь Альцгеймера
a Ключевые слова артриты
a Ключевые слова артрозы
a Ключевые слова остеохондроз
686 Индексы других классификаций __
a Индекс ББК 53.5
700 Автор _1
a Фамилия Бубновский
b Имя С. М.
f Даты 1955-
g Полное личное имя Сергей Михайлович
801 Источник записи _0
a Страна RU
b Организация Центральная районная библиотека им. Г. А. Пирожникова
c Дата составления 20220923
g Правила каталогизации bzbo
801 Источник записи _1
a Страна RU
b Организация Центральная районная библиотека им. Г. А. Пирожникова
c Дата составления 20220923
g Правила каталогизации bzbo
852 Данные о местонахождении __
j Шифр хранения 53.5
i Авторский знак Б 90
901 Тип документа _0
t Тип документа m
902 Роль лиц __
a Создатель БЗ ОКиО/Колмакова